Religion in India
Αποθηκεύτηκε σε:
| Άλλοι συγγραφείς: | |
|---|---|
| Μορφή: | Βιβλίο |
| Γλώσσα: | English |
| Δημοσίευση: |
Delhi :
Oxford University Press,
1999
|
| Σειρά: | Oxford in India readings in sociology and social anthropology
|
| Θέματα: | |
| Ετικέτες: |
Προσθήκη ετικέτας
Δεν υπάρχουν, Καταχωρήστε ετικέτα πρώτοι!
|
MARC
| LEADER | 00000nam a2200000 i 4500 | ||
|---|---|---|---|
| 001 | 1/93003 | ||
| 008 | 991118s1999 eng d | ||
| 020 | |a 0-19-563092-0 | ||
| 035 | |l 10054254 | ||
| 040 | |a GR-MY-UA |b gre |e aacr | ||
| 041 | 0 | |a eng | |
| 082 | 0 | |a 291.0954 | |
| 245 | 1 | 0 | |a Religion in India / |c edited by T. N. Madan |
| 260 | |a Delhi : |b Oxford University Press, |c 1999 | ||
| 300 | |a 460 p. | ||
| 490 | 1 | |a Oxford in India readings in sociology and social anthropology | |
| 504 | |a Includes bibliographical references (p. [431]-448) and index | ||
| 651 | 0 | |a India |x Religion. | |
| 700 | 1 | |a Madan, T. N. |4 edt | |
| 830 | 0 | |a Oxford in India readings in sociology and social anthropology | |
| 852 | |a INST |b LESVOS |e 19991118 |h 291.0954 REL |p 005100022148 |q 005100022148 |t BK |y 0 | ||
| 901 | |a BIBL1-2000-1 | ||
| 909 | |a Λ |b 066906 | ||
| 922 | |a 1ΕΛΗ |b 199907 |c ΚΠΣ/ΤΚΑ |d ΠΑΠΑΣΩΤΗΡΙΟΥ | ||
| 950 | |a 117-1998-07-12 | ||
| 970 | |a ΤΖΑΦΕΡΗ |b ΕΥΑΓΓΕΛΙΑ |z 2000/01/20 | ||